• 首页
  • 本馆介绍
  • 公告通知
  • 最新文献
  • 馆藏检索
  • 电子资源
  • 读者导购
  • 参考咨询
  • 我的图书馆
  • 登录
  • 详细信息显示
  • 放入我的书架
  • 预约/预借图书
  • 作者相关作品
  • 分类相关作品
  • 丛书相关作品
  • 出版社相关作品

书目信息

  • 表格格式
  • 工作单格式
  • 卡片格式
题名:
现代英语用法指南
    
 
作者: 克罗韦尔 , Crowell 著 ;张岱云 译
分册:  
出版信息: 上海   上海外语教育出版社  1984
页数: 605页
开本: 19cm
丛书名:
单 册:
中图分类: H314 , H31
科图分类:
主题词: 英语-语法 , 语法-英语 , 英语
电子资源:
ISBN:
000 00926nam0 2200325 45
001 0184003310
005 20040509170923.8
010    @dCNY2.85
091    @a7218.114
100    @a19950406d1984 em y0chiy0121 ea
101 1  @achi@ceng
102    @aCN@b310000
105    @ay z 000yy
106    @ar
200 10 @a现代英语用法指南@Axian dai ying yu yong fa zhi nan@f(美)克罗韦尔(T.L.Crowell)著@g张岱云译
210    @a上海@c上海外语教育出版社@d1984
215    @a605页@d19cm
300    @a书名原文:Index to modern English
510 1  @aIndex to modern English@zeng
606    @a英语-语法
606    @a语法-英语
606 0  @a英语
690    @aH314@v3
690    @aH31
701  1 @a克罗韦尔@Ake luo wei er@bT.L.@f美@4著
701 A1 @aCrowell@ACrowell@bT.L.@4著
702  0 @a张岱云@Azhang dai yun@4译
801  0 @aCN@b上海图书馆@c20040509
801  2 @aCN@bNLC@c20040509
905    @f5@b137554-558@dH31@e166
    
    现代英语用法指南/(美)克罗韦尔(T.L.Crowell)著/张岱云译.-上海:上海外语教育出版社,1984
    605页;19cm
    书名原文:Index to modern English
    
    ISBN :CNY2.85
    
●
相关链接 在E读中查询图书 在五车中查询图书 在当当中查询图书 在豆瓣中查询图书


正题名:现代英语用法指南     索取号:H31/166         预约/预借

序号 登录号 条形码 馆藏地/架位号 状态 备注
1 0137554   000931727   第四借阅区/ [索取号:H31/166] 在馆    
2 0137555   000933477   第四借阅区/ [索取号:H31/166] 在馆    
3 0137556   000931889   第四借阅区/ [索取号:H31/166] 在馆    
4 0137557   000933510   第四借阅区/ [索取号:H31/166] 在馆    
5 0137558   000931843   第四借阅区/ [索取号:H31/166] 在馆    
6 0137559   202072354   第二样本阅览室/ [索取号:H31/166] 在馆    
唐山师范学院图书馆 欢迎您!
大连网信软件有限公司© 版权所有